书目信息 |
| 题名: |
超级靓彩礼品花
|
|
| 作者: | 林艳春 , 李美敬 编著 | |
| 分册: | ||
| 出版信息: | 北京 中国农业出版社 2007 |
|
| 页数: | 96页 | |
| 开本: | 19×21cm | |
| 丛书名: | ||
| 单 册: | ||
| 中图分类: | J525.1 | |
| 科图分类: | ||
| 主题词: | 花卉装饰 , 装饰美术 , 花卉装饰--装饰美术 | |
| 电子资源: | ||
| ISBN: | 978-7-109-10487-7 | |
| 000 | 01018nam0 2200265 450 | |
| 001 | 010700036039 | |
| 005 | 20070801171348.82 | |
| 010 | @a978-7-109-10487-7@dCNY25.80@z7-109-10487-7 | |
| 100 | @a20070312d2007 em y0chiy0110 ea | |
| 101 | 0 | @achi |
| 102 | @aCN@b110000 | |
| 105 | @aa z 000yy | |
| 200 | 1 | @a超级靓彩礼品花@9chao ji liang cai li pin hua@e韩式礼品花卉设计与制作@f林艳春,李美敬编著 |
| 210 | @a北京@c中国农业出版社@d2007 | |
| 215 | @a96页@c图@d19×21cm | |
| 330 | @a本书以精美的图片展现了爱珂国际花艺学院韩国首席设计师设计制作的花艺礼品。全书对每一种花艺造型不仅从花材选择、色彩搭配、制作技巧、养护管理等多方面进行了详尽介绍,还特别强调花艺礼品与送礼人情意的融入。 | |
| 517 | 1 | @a韩式礼品花卉设计与制作@9han shi li pin hua hui she ji yu zhi zuo |
| 606 | 0 | @a花卉装饰 |
| 606 | 0 | @a装饰美术 |
| 606 | 0 | @a花卉装饰@x装饰美术 |
| 690 | @aJ525.1@v4 | |
| 701 | 0 | @a林艳春@9lin yan chun@4编著 |
| 701 | 0 | @a李美敬@9li mei jing@4编著 |
| 801 | 0 | @aCN@bRENTIAN@c20070801 |
| 905 | @a10447@dJ525.1@e257 | |
| 超级靓彩礼品花:韩式礼品花卉设计与制作/林艳春,李美敬编著.-北京:中国农业出版社,2007 |
| 96页:图;19×21cm |
| ISBN 978-7-109-10487-7:CNY25.80 |
| 本书以精美的图片展现了爱珂国际花艺学院韩国首席设计师设计制作的花艺礼品。全书对每一种花艺造型不仅从花材选择、色彩搭配、制作技巧、养护管理等多方面进行了详尽介绍,还特别强调花艺礼品与送礼人情意的融入。 |
| ● |
| 相关链接 |
|
|
|
|
正题名:超级靓彩礼品花
索取号:J525.1/257
 
预约/预借
| 序号 | 登录号 | 条形码 | 馆藏地/架位号 | 状态 | 备注 |
| 1 | 0801010 | 208010105 | 第一样本阅览室/ [索取号:J525.1/257] | 在馆 | |
| 2 | 0801011 | 208010114 | 第一借阅区/ [索取号:J525.1/257] | 在馆 | |
| 3 | 0801012 | 208010123 | 第一借阅区/ [索取号:J525.1/257] | 在馆 | |
| 4 | 0801013 | 208010132 | 第一借阅区/ [索取号:J525.1/257] | 在馆 | |
| 5 | 0801014 | 208010141 | 第一借阅区/ [索取号:J525.1/257] | 在馆 | |
| 6 | 0801015 | 208010150 | 第一借阅区/ [索取号:J525.1/257] | 在馆 | |
| 7 | 0801016 | 208010169 | 第一借阅区/ [索取号:J525.1/257] | 在馆 | |
| 8 | 0801017 | 208010178 | 美术系资料室/ [索取号:J525.1/257] | 在馆 | |
| 9 | 0801018 | 208010187 | 美术系资料室/ [索取号:J525.1/257] | 在馆 | |
| 10 | 0801019 | 208010196 | 美术系资料室/ [索取号:J525.1/257] | 在馆 |